000 00348cam a2200145ua 4500
041 _aeng
_h
082 _a821
_bDRY/AB
100 _aDryden, .
245 _aAbsalom and Achitophel /
_cDryden.
_hTextual Documents
260 _aLondon :
_bOxford University Press ,
_c1964.
300 _a65 ; .
504 _a
942 _cBK
999 _c4456
_d4456